Eastern Utah Libraries Catalog: Duchesne, Heber, Roosevelt, & Vernal

Transformers, revenge of the fallen (Record no. 64406)

MARC details
000 -LEADER
fixed length control field 03873cgm a2200841Ia 4500
001 - CONTROL NUMBER
control field ocn432713042
003 - CONTROL NUMBER IDENTIFIER
control field OCoLC
005 - DATE AND TIME OF LATEST TRANSACTION
control field 20241220123926.0
008 - FIXED-LENGTH DATA ELEMENTS--GENERAL INFORMATION
fixed length control field 090824s2009 cau149 g vleng d
007 - PHYSICAL DESCRIPTION FIXED FIELD--GENERAL INFORMATION
fixed length control field vd cvaizq
040 ## - CATALOGING SOURCE
Original cataloging agency TEFMT
Transcribing agency TEFMT
Modifying agency TEF
-- BTCTA
-- TEFMT
-- MNL
-- GK8
-- UINTA
020 ## - INTERNATIONAL STANDARD BOOK NUMBER
International Standard Book Number 1415750270
020 ## - INTERNATIONAL STANDARD BOOK NUMBER
International Standard Book Number 9781415750278
020 ## - INTERNATIONAL STANDARD BOOK NUMBER
International Standard Book Number 1415753253
020 ## - INTERNATIONAL STANDARD BOOK NUMBER
International Standard Book Number 9781415753255
024 1# - OTHER STANDARD IDENTIFIER
Standard number or code 097363532149
024 1# - OTHER STANDARD IDENTIFIER
Standard number or code 097363532163
024 10 - OTHER STANDARD IDENTIFIER
Standard number or code 032429068088
028 41 - PUBLISHER NUMBER
Publisher number 35321
Source Paramount Home Entertainment
028 42 - PUBLISHER NUMBER
Publisher number 790680
Source Paramount Home Entertainment
035 ## - SYSTEM CONTROL NUMBER
System control number (OCoLC)432713042
037 ## - SOURCE OF ACQUISITION
Source of stock number/acquisition Midwest Tape
Note http://www.midwesttapes.com
041 1# - LANGUAGE CODE
Language code of text/sound track or separate title eng
-- fre
-- spa
-- eng
-- fre
-- spa
Language code of original and/or intermediate translations of text eng
043 ## - GEOGRAPHIC AREA CODE
Geographic area code n-us---
050 14 - LIBRARY OF CONGRESS CALL NUMBER
Classification number PN1997.2
Item number .T73 2009
082 04 - DEWEY DECIMAL CLASSIFICATION NUMBER
Classification number 791.43/72
Edition number 22
049 ## - LOCAL HOLDINGS (OCLC)
Holding library UCLB
092 ## - LOCALLY ASSIGNED DEWEY CALL NUMBER (OCLC)
Classification number 791.437
130 0# - MAIN ENTRY--UNIFORM TITLE
Uniform title Transformers, revenge of the fallen (Motion picture)
9 (RLIN) 5691481
245 10 - TITLE STATEMENT
Title Transformers, revenge of the fallen
Medium [videorecording] /
Statement of responsibility, etc Dreamworks Pictures and Paramount Pictures presents in association with Hasbro ; a Di Bonaventura Pictures production ; a Tom Desanto/Don Murphy production ; a Michael Bay film ; produced by Tom Desanto, Don Murphy ; written by Ehren Kruger & Roberto Orci & Alex Kurtzman ; directed by Michael Bay.
246 30 - VARYING FORM OF TITLE
Title proper/short title Revenge of the fallen
260 ## - PUBLICATION, DISTRIBUTION, ETC. (IMPRINT)
Place of publication, distribution, etc Hollywood, Calif. :
Name of publisher, distributor, etc Paramount Home Entertainment,
Date of publication, distribution, etc c2009.
300 ## - PHYSICAL DESCRIPTION
Extent 1 videodisc (149 min.) :
Other physical details sd., col. ;
Dimensions 4 3/4 in.
538 ## - SYSTEM DETAILS NOTE
System details note DVD, widescreen; Dolby Digital.
546 ## - LANGUAGE NOTE
Language note Dialogue in English (Dolby 5.1 Surround), French (Dolby 5.1 Surround) or Spanish with optional subtitles in English, French or Spanish; closed-captioned.
511 1# - PARTICIPANT OR PERFORMER NOTE
Participant or performer note Shia LaBeouf, Megan Fox, Josh Duhamel, Tyrese Gibson, John Turturro.
508 ## - CREATION/PRODUCTION CREDITS NOTE
Creation/production credits note Music, Steve Jablonsky.
521 8# - TARGET AUDIENCE NOTE
Target audience note MPAA rating: PG-13; for intense sequences of sci-fi action violence, language, some crude and sexual material, and brief drug material.
520 ## - SUMMARY, ETC.
Summary, etc College-bound Sam Witwicky learns the truth about the ancient origins of the Transformers. He will have to accept his destiny and join Optimus Prime and Bumblebee in their epic battle against the Decepticons. The Decepticon forces, who have returned stronger than ever, have come to Earth on a mission to take Sam prisoner and destroy the world.
650 #0 - SUBJECT ADDED ENTRY--TOPICAL TERM
Topical term or geographic name as entry element Transformers (Fictitious characters)
Form subdivision Drama.
9 (RLIN) 5702694
650 #0 - SUBJECT ADDED ENTRY--TOPICAL TERM
Topical term or geographic name as entry element College freshmen
Geographic subdivision United States
Form subdivision Drama.
9 (RLIN) 6510880
650 #0 - SUBJECT ADDED ENTRY--TOPICAL TERM
Topical term or geographic name as entry element Military missions
Form subdivision Drama.
9 (RLIN) 6505943
650 #0 - SUBJECT ADDED ENTRY--TOPICAL TERM
Topical term or geographic name as entry element Prisoners of war
Form subdivision Drama.
9 (RLIN) 6370415
650 #0 - SUBJECT ADDED ENTRY--TOPICAL TERM
Topical term or geographic name as entry element Battles
Form subdivision Drama.
9 (RLIN) 5702697
650 #7 - SUBJECT ADDED ENTRY--TOPICAL TERM
Topical term or geographic name as entry element Estudiantes universitarios
Geographic subdivision Estados Unidos
Form subdivision Teatro.
Source of heading or term bidex
9 (RLIN) 6509322
650 #7 - SUBJECT ADDED ENTRY--TOPICAL TERM
Topical term or geographic name as entry element Misiones militares
Form subdivision Teatro.
Source of heading or term bidex
9 (RLIN) 6510881
655 #0 - INDEX TERM--GENRE/FORM
Genre/form data or focus term Action and adventure films.
9 (RLIN) 5674017
655 #0 - INDEX TERM--GENRE/FORM
Genre/form data or focus term Science fiction films.
9 (RLIN) 6198078
655 #0 - INDEX TERM--GENRE/FORM
Genre/form data or focus term Fantasy films.
9 (RLIN) 6198079
655 #0 - INDEX TERM--GENRE/FORM
Genre/form data or focus term Video recordings for the hearing impaired.
9 (RLIN) 6198080
655 #0 - INDEX TERM--GENRE/FORM
Genre/form data or focus term Feature films.
9 (RLIN) 6198081
700 1# - ADDED ENTRY--PERSONAL NAME
Personal name DeSanto, Tom.
9 (RLIN) 56588
700 1# - ADDED ENTRY--PERSONAL NAME
Personal name Murphy, Don,
Dates associated with a name 1962-
9 (RLIN) 45236
700 1# - ADDED ENTRY--PERSONAL NAME
Personal name Kruger, Ehren,
Dates associated with a name 1972-
9 (RLIN) 68429
700 1# - ADDED ENTRY--PERSONAL NAME
Personal name Orci, Roberto.
9 (RLIN) 72545
700 1# - ADDED ENTRY--PERSONAL NAME
Personal name Kurtzman, Alex.
9 (RLIN) 55554
700 1# - ADDED ENTRY--PERSONAL NAME
Personal name Bay, Michael,
Dates associated with a name 1964-
9 (RLIN) 65176
700 1# - ADDED ENTRY--PERSONAL NAME
Personal name LaBeouf, Shia,
Dates associated with a name 1986-
9 (RLIN) 69274
700 1# - ADDED ENTRY--PERSONAL NAME
Personal name Fox, Megan,
Dates associated with a name 1986-
9 (RLIN) 72145
700 1# - ADDED ENTRY--PERSONAL NAME
Personal name Duhamel, Josh,
Dates associated with a name 1972-
9 (RLIN) 71497
700 0# - ADDED ENTRY--PERSONAL NAME
Personal name Tyrese.
9 (RLIN) 69250
700 1# - ADDED ENTRY--PERSONAL NAME
Personal name Turturro, John,
Dates associated with a name 1957-
9 (RLIN) 63569
700 1# - ADDED ENTRY--PERSONAL NAME
Personal name Jablonsky, Steve.
9 (RLIN) 72525
710 2# - ADDED ENTRY--CORPORATE NAME
Corporate name or jurisdiction name as entry element Dreamworks Pictures.
9 (RLIN) 64643
710 2# - ADDED ENTRY--CORPORATE NAME
Corporate name or jurisdiction name as entry element Paramount Pictures Corporation.
9 (RLIN) 7712
710 2# - ADDED ENTRY--CORPORATE NAME
Corporate name or jurisdiction name as entry element Hasbro, Inc.
9 (RLIN) 34812
710 2# - ADDED ENTRY--CORPORATE NAME
Corporate name or jurisdiction name as entry element Di Bonaventura Pictures.
9 (RLIN) 5754442
710 2# - ADDED ENTRY--CORPORATE NAME
Corporate name or jurisdiction name as entry element Paramount Home Entertainment (Firm)
9 (RLIN) 72161
938 ## -
-- Baker and Taylor
-- BTCP
-- BEDDPA 353214
942 ## - ADDED ENTRY ELEMENTS (KOHA)
Koha item type DVD
994 ## -
-- C0
-- UINTA
998 ## - LOCAL CONTROL INFORMATION (RLIN)
-- a128316
Holdings
Withdrawn status Lost status Source of classification or shelving scheme Damaged status Not for loan Collection code Home library Current library Shelving location Date acquired Source of acquisition Cost, normal purchase price Total Checkouts Total Renewals Full call number Barcode Date last seen Date checked out Cost, replacement price Price effective from Koha item type
    Dewey Decimal Classification     Movies Wasatch County Library Wasatch County Library Audio Visual Area 01/21/2020   9.99 16 19 DVD Tra 34301001653742 10/13/2024 10/09/2024 9.99 03/20/2020 DVD
This project was made possible through a grant from the Institute of Museum and Library Service administered by the Utah State Library Division.

Wasatch County Library

  • 465 East 1200 South, Heber City, Utah 84032
  • Phone 435-654-1511 | Fax 435-654-6456

Hours

  • Monday - Friday 9:30 AM - 8:00 PM
  • Saturday 9:30 AM - 1:30 PM
  • Closed Sundays and Holidays